Music Quiz

Random Music or Lyrics Quiz

Bad Grammar In Songs Quiz Stats

Quiz Updated Feb 26, 2015

Challenge
Share
Tweet
Embed
Score 0/16 Timer 06:00
36 Plays Today
Song Lyrics Missing Word % Correct
You and _____ could write a bad romance.me
98.3%
I still recall all those dreams we shared together.
Where did you run _____, boy?
to
82.3%
But if this ever changing world in which we live _____
makes you give in and cry, say live and let die.
in
81.8%
So excuse _____ forgetting, but these things I do.
You see I've forgotten if they're green or they're blue.
me
75.2%
Hey, Mr. Tambourine Man, play a song for me.
I'm not sleepy, and there _____ no place I'm going to.
ain't
67.6%
Baby, I'm from New York,
concrete jungle, _____ dreams are made of.
where
63.4%
There's a fire starting in my heart,
reaching a fever pitch, and it's bringing me _____ the dark.
out
58.3%
Mad woman, bad woman, that's just what you are.
Yeah, you'll smile in my face then rip the brakes ___ my car.
out
58.2%
Song Lyrics Missing Word % Correct
There _____ three young ladies in the school gym locker.was
53.8%
It's not fair to deny me _____ the cross I bear
that you gave to me. You, you, you oughta know.
of
41.8%
So open up your morning light,
and say a little prayer for _____.
I
41.6%
And when the radical priest come to get me released,
we _____ all on the cover of Newsweek.
was
33.2%
Whatever happened to Tuesday and so _____
going down the old mine with a transistor radio.
slow
32.9%
She said she'd married _____ an architect
who kept her warm and safe and dry.
her
28%
Remember _____ basement parties, your brother's karate,
the all day rock and roll shows.
them
26.6%
I hit the floor 'cause that's my _____, _____, _____, ____.
plans
9.7%

You're not logged in!

Compare scores with friends on all Sporcle quizzes.
Join for Free
OR
Log In

You Might Also Like...

Show Comments

Extras

Top Quizzes Today


Score Distribution

Your Account Isn't Verified!

In order to create a playlist on Sporcle, you need to verify the email address you used during registration. Go to your Sporcle Settings to finish the process.

Report this User

Report this user for behavior that violates our Community Guidelines.

Details: